000 00646nam a22002297a 4500
003 UA-OsUOA
001 22956
007 ta
008 20031230b un ||||| |||| 00| 0 ukr d
100 _aДіденко Я.
090 _a331
_bД11
942 _cSA
040 _aUA-OsUOA
_bukr
_cUA-OsUOA
_dUA-OsUOA
245 _aРинок праці України в аспекті національної ментальності
300 _aС.26-31
955 _a0
041 _aukr
080 _a331
044 _aUA
773 0 _w0
_tУкраїна: аспекти праці
_dК.
_d2003
_g№8
650 7 _aПрацевлаштування
_2UDC
999 _c309189
_d309189